000 00613nam a22001817a 4500
999 _c184490
_d184490
005 20220121110420.0
010 _aENG-131290
020 _a978-93-5266-556-3
_c495.00
035 _aEN-114822
037 _bDBAD
082 _a352.6076
100 _aRamaswamy, B.
245 _aEthics Integrity & Aptitude:
_bFor Civil Services Mains Examinations/
_cB. Ramaswamy, Sasikala Pushpa
260 _aNew Delhi
_bPrabhat Exam
_c2022
270 _bNew Delhi
_a4/19, Asaf Ali Road
_e110002
_k23289555, 23289666
_mprabhatbook@gmail.com
300 _av, 592p.
_c24cm(pbk)
942 _2ddc
_cEN
_h352.6076
_mRAM